LEADER 00622nam a2200193 i 4500 001 000000253062 003 CaOOAMICUS 005 20170223000000.0 008 170223s1967 xx u000 u lat u 013 $a231967 040 $aSeMil$bita 245 10$a1. 300 $a380 p., [18] c. di tav. :$bill. 773 0 $tBiblia Sacra.$dMediolani : Sumptibus et typis Rizzoli editoris, 1967.$w()33651 850 $aSeMil 852 $aSeMil$W1$xVenegono$y1$B203408$CSeMilBibl$Z2$F216199 $8I 961 $aOmaggio: Vertemara don Renato 961 $aTemporaneamente collocato in ufficio 996 $6245$a1$9(OLS)http://semarc/title/6508 LEADER 01192nam a2200265 i 4500 001 000000183622 003 CaOOAMICUS 005 20091120000000.0 008 091120s1981 be u000 u eng u 013 $a161590 020 $a2-8017-0168-8 040 $aSeMil$bita 100 1 $aStone, Michael Edward,$d<1938- >.$0(OLS)http://semarc/name/10074 245 10$a[Versio]. 300 $aXX, 21 cm. 490 0 $aCorpus Scriptorum Christianorum Orientalium ;$v430. Scriptores Armeniaci ; 14 490 0 $aCorpus Scriptorum Christianorum Orientalium. Scriptores Armeniaci ;$v14 773 0 $aStone, Michael Edward <1938- >$tPenitence of Adam.$dLovanii : In aedibus Peeters, 1981.$w()22502 830 0$aCorpus Scriptorum Christianorum Orientalium ;$v430. Scriptores Armeniaci ; 14.$0(OLS)http://semarc/title/77 830 0$aCorpus Scriptorum Christianorum Orientalium. Scriptores Armeniaci ;$v14.$0(OLS)http://semarc/title/9541 850 $aSeMil 852 $aSeMil$W1$xVenegono$y1$m2S III 430$j134322$B134322$CSeMilBibl$Z2$F145946 $81 961 $aOmaggio: Altro 996 $6020$a2-8017-0168-8$9(OLS)http://semarc/number/173394 996 $6245$a[Versio]$9(OLS)http://semarc/title/46822